Name the Asian country - Statistics

General Stats
  • This quiz has been taken 29 times
    10 since last reset
  • The average score is 10 of 13
Answer Stats
Hint Answer % Correct
Most populated country in the world China
100%
Genghis Khan ruled this country Mongolia
100%
Used to be called Burma Myanmar
100%
Kim Jong-Un is the dictator of North Korea
100%
City state that borders Malaysia Singapore
100%
Where Seoul is South Korea
100%
Small group of islands in the Indian Ocean the Maldives
100%
Arabic country with nukes Israel
80%
Richest country in the world Qatar
80%
Used to be called Siam Thailand
80%
Communist country, that was divided by North and South Vietnam
60%
A US state Georgia
40%
Where Manila is the Phileppines
0%
No matching quizzes found
Score Distribution
Percent of People with Each Score
Percentile by Number Answered
Your Score History
You have not taken this quiz since the last reset